00893nam a2200217 a 450000100100000000500170001000800410002704000250006808200210009310000220011424500420013626000460017830000360022450000630026050000420032350400650036558600990043060000340052965100570056365100550062000002839520240302073957.0110331s1937 dr a 000 0 spa d aDO-SdBNPbspacBNPHU a923.57293bG633I1 aInfiesta, Ramón10aMáximo Gómez /cRamón Infiesta. aLa Habana :bImprenta el Siglo XX,c1937. a252 p. :bil., retrs. ;c22 cm. aA la cabeza de la portada: Academia de la Historia de Cuba aIncluye notas al pie de las páginas aIncluye referencias bibliográficas e índice alfabético aObra premiada en el Concurso Extraordinario del Centenario del Nacimiento de Máximo Gómez.10aGómez, Máximo,d1836-1905 4aCubaxHistoriayGUERRA DE LOS DIEZ AÑOS, 1868-1878 4aCubaxHistoriayGUERRA DE INDEPENDENCIA, 1895-1898